[Event "Regionalliga SO 1617"]
[Site "Bayern"]
[Date "2017.04.02"]
[Round "8.5"]
[White "Fehrmann, Gregor"]
[Black "Nurbekoglu, Michael"]
[Result "0-1"]
[WhiteElo "1938"]
[BlackElo "1955"]
[PlyCount "64"]
[EventDate "2016.10.16"]
[EventType "team-tourn"]
[EventRounds "9"]
[EventCountry "GER"]
[SourceTitle "EXT 2019"]
[Source "ChessBase"]
[SourceDate "2018.10.10"]
[SourceVersion "1"]
[SourceVersionDate "2018.10.10"]
[SourceQuality "1"]
[WhiteTeam "Bruckmuehl"]
[BlackTeam "Landshut"]
[WhiteTeamCountry "GER"]
[BlackTeamCountry "GER"]

1. e4 c5 2. Nf3 Nc6 3. d4 cxd4 4. Nxd4 Nf6 5. Nc3 d6 6. Bc4 e6 7. Bb3 Be7 8. 0-0 0-0 9. Re1 Bd7 10. Nxc6 Bxc6 11. Bf4 b5 12. e5 dxe5 13. Bxe5 b4 14. Qxd8 Rfxd8 15. Ne2 Ng4 16. Bf4 Bc5 17. Bg3 a5 18. Bc4 Nf6 19. Nf4 Ne4 20. Nd3 Bd4 21. Be5 Nd2 22. b3 Bxa1 23. Bxa1 Nxc4 24. bxc4 Ba4 25. Ne5 Bxc2 26. Rc1 Rd1+ 27. Rxd1 Bxd1 28. c5 Ba4 29. Nc4 Bb5 30. Nd6 Bc6 31. Kf1 f6 32. f3 a4 0-1

[Event "Regionalliga SO 1617"]
[Site "Bayern"]
[Date "2017.03.19"]
[Round "7.6"]
[White "Manco, Michela"]
[Black "Nurbekoglu, Michael"]
[Result "0-1"]
[WhiteElo "1773"]
[BlackElo "1955"]
[PlyCount "98"]
[EventDate "2016.10.16"]
[EventType "team-tourn"]
[EventRounds "9"]
[EventCountry "GER"]
[SourceTitle "EXT 2019"]
[Source "ChessBase"]
[SourceDate "2018.10.10"]
[SourceVersion "1"]
[SourceVersionDate "2018.10.10"]
[SourceQuality "1"]
[WhiteTeam "Tegernsee"]
[BlackTeam "Landshut"]
[WhiteTeamCountry "GER"]
[BlackTeamCountry "GER"]

1. e4 c5 2. c3 e6 3. d4 d5 4. Bd3 cxd4 5. Bb5+ Nc6 6. Qxd4 Bd7 7. Qe3 dxe4 8. Qxe4 Nf6 9. Qe2 Be7 10. Nf3 0-0 11. 0-0 a6 12. Bd3 Qc7 13. Nbd2 Rfe8 14. Nc4 Rad8 15. Be3 Nd5 16. Rad1 b5 17. Ncd2 Nf4 18. Bxf4 Qxf4 19. Ne4 Ne5 20. Nxe5 Qxe5 21. Rfe1 Bc6 22. Qc2 h6 23. Nd6 Qg5 24. Ne4 Qf4 25. Ng3 Rd5 26. Be4 Rxd1 27. Rxd1 Bxe4 28. Qxe4 Qxe4 29. Nxe4 f5 30. Ng3 Kf7 31. Kf1 Rd8 32. Rxd8 Bxd8 33. Ke2 g5 34. Nf1 Kf6 35. Nd2 Ke5 36. g3 g4 37. Kd3 Bb6 38. Ke2 h5 39. b3 Ba5 40. Kd3 Bb6 41. Ke2 Kd5 42. Nf1 Bd8 43. Kd3 h4 44. Ne3+ Kc6 45. c4 h3 46. Nc2 bxc4+ 47. Kxc4 Bb6 48. Ne3 Bxe3 49. fxe3 e5 0-1

[Event "Regionalliga SO 1617"]
[Site "Bayern"]
[Date "2017.01.15"]
[Round "4.5"]
[White "Ponater, Michael"]
[Black "Nurbekoglu, Michael"]
[Result "1/2-1/2"]
[WhiteElo "2015"]
[BlackElo "1955"]
[PlyCount "71"]
[EventDate "2016.10.16"]
[EventType "team-tourn"]
[EventRounds "9"]
[EventCountry "GER"]
[SourceTitle "EXT 2019"]
[Source "ChessBase"]
[SourceDate "2018.10.10"]
[SourceVersion "1"]
[SourceVersionDate "2018.10.10"]
[SourceQuality "1"]
[WhiteTeam "Starnberger See"]
[BlackTeam "Landshut"]
[WhiteTeamCountry "GER"]
[BlackTeamCountry "GER"]

1. e4 c6 2. Nc3 d5 3. d4 dxe4 4. Nxe4 Nf6 5. Nxf6+ exf6 6. Bc4 Bd6 7. Ne2 0-0 8. c3 Re8 9. Be3 Nd7 10. Qb3 Re7 11. 0-0-0 Nb6 12. d5 c5 13. Bd3 Bd7 14. Qc2 h6 15. c4 Bg4 16. Rde1 Bxe2 17. Rxe2 Qc7 18. Rhe1 Rae8 19. g3 Nd7 20. f4 Qa5 21. Qb3 a6 22. Bd2 Qc7 23. Rxe7 Rxe7 24. Rxe7 Bxe7 25. Bf5 Nf8 26. Qa4 g6 27. Bd3 Nd7 28. Bc3 h5 29. h4 f5 30. Qd1 Bf6 31. Qe1 Bxc3 32. Qxc3 Qd6 33. Kd2 Qf6 34. Qxf6 Nxf6 35. Ke3 Ne8 36. a3 1/2-1/2

[Event "Regionalliga SO 1617"]
[Site "Bayern"]
[Date "2016.12.04"]
[Round "3.3"]
[White "Nurbekoglu, Michael"]
[Black "Schmidt, Anton"]
[Result "1/2-1/2"]
[WhiteElo "1955"]
[BlackElo "2024"]
[PlyCount "86"]
[EventDate "2016.10.16"]
[EventType "team-tourn"]
[EventRounds "9"]
[EventCountry "GER"]
[SourceTitle "EXT 2019"]
[Source "ChessBase"]
[SourceDate "2018.10.10"]
[SourceVersion "1"]
[SourceVersionDate "2018.10.10"]
[SourceQuality "1"]
[WhiteTeam "Landshut"]
[BlackTeam "Groebenzell II"]
[WhiteTeamCountry "GER"]
[BlackTeamCountry "GER"]

1. d4 d5 2. c4 e6 3. Nc3 c5 4. cxd5 exd5 5. Nf3 Nc6 6. g3 Nf6 7. Bg2 Be7 8. 0-0 0-0 9. Bg5 c4 10. Ne5 Be6 11. Nxc6 bxc6 12. b3 Qa5 13. Bd2 Qb6 14. bxc4 Qxd4 15. cxd5 Nxd5 16. Nxd5 Bxd5 17. Qc2 Bf6 18. Rac1 Rfe8 19. e3 Qg4 20. h3 Qe6 21. Rfe1 h6 22. e4 Bxa2 23. e5 Bg5 24. f4 Bd8 25. f5 Bb6+ 26. Kh2 Qb3 27. Bxc6 Qxc2 28. Rxc2 Rac8 29. Rec1 Bb3 30. Bxe8 Rxc2 31. Rxc2 Bxc2 32. e6 fxe6 33. fxe6 Bc5 34. g4 Kf8 35. Bb5 Bb3 36. Kg3 Bd6+ 37. Kf2 Bxe6 38. Ba6 Bd5 39. h4 Kf7 40. Be3 Bb8 41. Bd4 g6 42. Be3 Kg7 43. Bd4+ Kf7 1/2-1/2

[Event "Regionalliga SO 1415"]
[Site "Bayern"]
[Date "2015.02.01"]
[Round "6.4"]
[White "Nurbekoglu, Michael"]
[Black "Gnegel, Boris Igor"]
[Result "1/2-1/2"]
[WhiteElo "1983"]
[BlackElo "1927"]
[PlyCount "50"]
[EventDate "2014.10.19"]
[EventType "team-tourn"]
[EventRounds "9"]
[EventCountry "GER"]
[SourceTitle "EXT 2018"]
[Source "ChessBase"]
[SourceDate "2017.10.13"]
[SourceVersion "1"]
[SourceVersionDate "2017.10.13"]
[SourceQuality "1"]
[WhiteTeam "Landshut"]
[BlackTeam "Tegernsee"]
[WhiteTeamCountry "GER"]
[BlackTeamCountry "GER"]

1. e4 c5 2. Nf3 d6 3. Bb5+ Bd7 4. a4 Nf6 5. Nc3 a6 6. Bxd7+ Nbxd7 7. 0-0 g6 8. Qe2 Bg7 9. e5 dxe5 10. Nxe5 0-0 11. Nc4 Nb6 12. Nxb6 Qxb6 13. d3 e6 14. a5 Qc6 15. Ra4 Nd5 16. Rc4 Nxc3 17. bxc3 Qd5 18. Be3 Rac8 19. Rb1 Rfe8 20. Rb3 Re7 21. Qf1 Rec7 22. Qc1 e5 23. Bh6 f5 24. Bxg7 Kxg7 25. f3 h6 1/2-1/2

[Event "Regionalliga SO 1314"]
[Site "Bayern"]
[Date "2014.02.23"]
[Round "7.3"]
[White "Nurbekoglu, Michael"]
[Black "Krstic, Petar"]
[Result "0-1"]
[WhiteElo "1996"]
[BlackElo "2319"]
[PlyCount "70"]
[EventDate "2013.10.13"]
[EventType "team-tourn"]
[EventRounds "9"]
[EventCountry "GER"]
[SourceTitle "EXT 2015"]
[Source "ChessBase"]
[SourceDate "2014.11.20"]
[SourceVersion "1"]
[SourceVersionDate "2014.11.20"]
[SourceQuality "1"]
[WhiteTeam "Landshut"]
[BlackTeam "Deggendorf"]
[WhiteTeamCountry "GER"]
[BlackTeamCountry "GER"]

1. e4 d6 2. d4 Nf6 3. Bd3 e5 4. c3 Be7 5. Ne2 Nbd7 6. 0-0 c5 7. a4 0-0 8. f4 cxd4 9. cxd4 exd4 10. Nxd4 Nc5 11. Nc3 Nxd3 12. Qxd3 Re8 13. a5 Bf8 14. Kh1 a6 15. Bd2 Bd7 16. Be1 Rc8 17. Bh4 Be7 18. h3 Rc5 19. b4 Rh5 20. Be1 Qc8 21. f5 g5 22. Kg1 g4 23. hxg4 Rg5 24. Rc1 Qd8 25. Rf4 Rxg4 26. Rxg4+ Nxg4 27. Nd5 Bg5 28. Bd2 Bxd2 29. Qxd2 Rxe4 30. f6 Kh8 31. Nf3 h6 32. Ne7 Re6 33. Nf5 Qxf6 34. Qf4 Ne3 35. Rc7 Nd5 0-1

[Event "Regionalliga SO 1213"]
[Site "Bayern"]
[Date "2013.03.17"]
[Round "8.4"]
[White "Gnegel, Boris Igor"]
[Black "Nurbekoglu, Michael"]
[Result "1/2-1/2"]
[WhiteElo "1985"]
[BlackElo "1999"]
[PlyCount "33"]
[EventDate "2012.10.14"]
[EventType "team-tourn"]
[EventRounds "9"]
[EventCountry "GER"]
[SourceTitle "EXT 2015"]
[Source "ChessBase"]
[SourceDate "2014.11.20"]
[SourceVersion "1"]
[SourceVersionDate "2014.11.20"]
[SourceQuality "1"]
[WhiteTeam "Tegernsee"]
[BlackTeam "Landshut"]
[WhiteTeamCountry "GER"]
[BlackTeamCountry "GER"]

1. d4 Nf6 2. c4 e6 3. Nc3 d5 4. Bg5 c6 5. e3 Nbd7 6. cxd5 exd5 7. Bd3 Be7 8. Nge2 0-0 9. 0-0 Re8 10. Ng3 Nf8 11. Nf5 Bxf5 12. Bxf5 Ng6 13. Bxf6 Bxf6 14. b4 Qd6 15. Bxg6 hxg6 16. Qb3 Bd8 17. a4 1/2-1/2

[Event "Landesliga Sued 1112"]
[Site "Bayern"]
[Date "2011.11.20"]
[Round "3.5"]
[White "Jussupow, Alexander"]
[Black "Nurbekoglu, Michael"]
[Result "1/2-1/2"]
[WhiteElo "2155"]
[BlackElo "2054"]
[PlyCount "83"]
[EventDate "2011.10.02"]
[EventType "team-tourn"]
[EventRounds "9"]
[EventCountry "GER"]
[SourceTitle "EXT 2013"]
[Source "ChessBase"]
[SourceDate "2012.11.22"]
[SourceVersion "1"]
[SourceVersionDate "2012.11.22"]
[SourceQuality "1"]
[WhiteTeam "Krumbach"]
[BlackTeam "Landshut"]
[WhiteTeamCountry "GER"]
[BlackTeamCountry "GER"]

1. d4 Nf6 2. Nf3 g6 3. Bf4 Bg7 4. h3 0-0 5. e3 d6 6. Be2 Nfd7 7. 0-0 e5 8. Bh2 Nc6 9. c3 Qe7 10. dxe5 Ncxe5 11. Nd4 Nc5 12. Nd2 Bd7 13. N2b3 Ba4 14. Qd2 Rad8 15. Bd1 Ne4 16. Qc2 d5 17. Nf3 Bb5 18. Bxe5 Bxe5 19. Be2 Bd7 20. Nxe5 Qxe5 21. Nd4 Nd6 22. Rad1 c6 23. Nf3 Qf6 24. Qa4 Rfe8 25. Qd4 Qe7 26. Qf4 Bf5 27. Nd4 Bc8 28. Bd3 Ne4 29. c4 Nc5 30. Be2 Ne6 31. Qh6 dxc4 32. Bxc4 Nxd4 33. exd4 Qb4 34. Bxf7+ Kxf7 35. Qxh7+ Kf6 36. Rd3 Rxd4 37. Rf3+ Rf4 38. Qh4+ g5 39. Qh6+ Kf7 40. Qh5+ Kf8 41. Qh6+ Kf7 42. Qh5+ 1/2-1/2

[Event "Regionalliga SO 0910"]
[Site "Bayern"]
[Date "2010.04.11"]
[Round "9.1"]
[White "Nurbekoglu, Michael"]
[Black "Wahrlich, Andreas"]
[Result "1/2-1/2"]
[WhiteElo "2013"]
[BlackElo "2048"]
[PlyCount "24"]
[EventDate "2009.10.18"]
[EventType "team-tourn"]
[EventRounds "9"]
[EventCountry "GER"]
[SourceTitle "EXT 2011"]
[Source "ChessBase"]
[SourceDate "2010.11.26"]
[SourceVersion "1"]
[SourceVersionDate "2010.11.26"]
[SourceQuality "1"]
[WhiteTeam "Landshut"]
[BlackTeam "Waldkraiburg"]
[WhiteTeamCountry "GER"]
[BlackTeamCountry "GER"]

1. Nf3 Nf6 2. g3 b6 3. Bg2 Bb7 4. 0-0 e6 5. c4 Be7 6. Nc3 0-0 7. d3 c5 8. e4 d6 9. b3 Nc6 10. Bb2 Qc7 11. Re1 Rad8 12. d4 cxd4 1/2-1/2

[Event "Regionalliga SO 0910"]
[Site "Bayern"]
[Date "2010.01.24"]
[Round "5.1"]
[White "Seisenberger, Georg"]
[Black "Nurbekoglu, Michael"]
[Result "1-0"]
[WhiteElo "2038"]
[BlackElo "2013"]
[PlyCount "75"]
[EventDate "2009.10.18"]
[EventType "team-tourn"]
[EventRounds "9"]
[EventCountry "GER"]
[SourceTitle "EXT 2011"]
[Source "ChessBase"]
[SourceDate "2010.11.26"]
[SourceVersion "1"]
[SourceVersionDate "2010.11.26"]
[SourceQuality "1"]
[WhiteTeam "Ilmmuenster"]
[BlackTeam "Landshut"]
[WhiteTeamCountry "GER"]
[BlackTeamCountry "GER"]

1. d4 Nf6 2. Nf3 e6 3. e3 c5 4. c4 cxd4 5. exd4 Bb4+ 6. Nc3 Ne4 7. Qc2 Nxc3 8. bxc3 Be7 9. Bd3 h6 10. 0-0 0-0 11. Bf4 d6 12. Rab1 Re8 13. Rfd1 Nd7 14. Nd2 Nf6 15. Ne4 Nh5 16. Be3 Qc7 17. Rb5 f5 18. Be2 Nf6 19. Nxf6+ Bxf6 20. c5 a6 21. cxd6 Qxd6 22. Rbb1 b5 23. Bf3 Rb8 24. Qc1 g5 25. Qc2 Bd7 26. h3 Rec8 27. Qe2 Rxc3 28. Bh5 Be8 29. Bxe8 Rxe8 30. Qh5 Qf8 31. Qg6+ Bg7 32. Rbc1 Rxc1 33. Rxc1 Qf7 34. Qxf7+ Kxf7 35. Rc7+ Re7 36. Rc6 Ra7 37. d5 exd5 38. Bxa7 1-0

[Event "Donau op 18th"]
[Site "Aschach"]
[Date "2009.12.31"]
[Round "7"]
[White "Aschenbrenner, Robert"]
[Black "Nurbekoglu, Michael"]
[Result "1-0"]
[WhiteElo "2246"]
[BlackElo "2170"]
[PlyCount "77"]
[EventDate "2009.12.26"]
[EventType "swiss"]
[EventRounds "7"]
[EventCountry "AUT"]
[SourceTitle "CBM 134 Extra"]
[Source "ChessBase"]
[SourceDate "2010.03.03"]
[SourceVersion "1"]
[SourceVersionDate "2010.03.03"]
[SourceQuality "1"]

1. d4 Nf6 2. c4 e6 3. Nc3 Bb4 4. f3 c5 5. d5 b5 6. e4 bxc4 7. Bxc4 exd5 8. Bxd5 Nxd5 9. Qxd5 Nc6 10. Nge2 0-0 11. 0-0 Qf6 12. Be3 Ba6 13. Rfb1 Rac8 14. Bxc5 d6 15. Bxb4 Nxb4 16. Qd2 Bxe2 17. Qxe2 Qd4+ 18. Kf1 f5 19. Rd1 Qe5 20. a3 Nc6 21. Qc4+ Kh8 22. Kg1 Na5 23. Qd5 Nc4 24. Qxe5 dxe5 25. Na4 Ne3 26. Rd2 Rc4 27. b3 Rd4 28. Rxd4 exd4 29. exf5 Rxf5 30. Rc1 h5 31. Kf2 Re5 32. Nc5 Kh7 33. h4 Nf5 34. Ne4 Nxh4 35. Rc7 Ra5 36. a4 Nf5 37. Nc5 Ne7 38. Ne6 Nf5 39. Rd7 1-0

[Event "Regionalliga SO 0809"]
[Site "Bayern"]
[Date "2009.03.29"]
[Round "9.1"]
[White "Nurbekoglu, Michael"]
[Black "Schaefer, Matthias"]
[Result "0-1"]
[WhiteElo "2036"]
[BlackElo "2274"]
[PlyCount "56"]
[EventDate "2008.10.05"]
[EventType "team-tourn"]
[EventRounds "9"]
[EventCountry "GER"]
[SourceTitle "EXT 2020"]
[Source "ChessBase"]
[SourceDate "2019.10.17"]
[SourceVersion "1"]
[SourceVersionDate "2019.10.17"]
[SourceQuality "1"]
[WhiteTeam "Landshut"]
[BlackTeam "Starnberg"]
[WhiteTeamCountry "GER"]
[BlackTeamCountry "GER"]

1. d4 d5 2. Nf3 Nc6 3. c4 Bg4 4. cxd5 Bxf3 5. gxf3 Qxd5 6. e3 e5 7. Nc3 Bb4 8. Bd2 Bxc3 9. bxc3 Qd6 10. Rb1 b6 11. f4 exf4 12. e4 Nge7 13. Qf3 Qa3 14. Be2 0-0 15. Bxf4 Ng6 16. Bd2 Qxa2 17. Rd1 Rad8 18. h4 f5 19. exf5 Nge7 20. Bd3 Qf7 21. Be4 Rde8 22. Be3 Na5 23. Rg1 Kh8 24. Rg5 Nc4 25. Rd3 Nd6 26. Rg4 Nxe4 27. Rxe4 Nxf5 28. Rf4 Nxh4 0-1

[Event "Regionalliga SO 0809"]
[Site "Bayern"]
[Date "2009.03.15"]
[Round "8.1"]
[White "Zenker, Ulrich"]
[Black "Nurbekoglu, Michael"]
[Result "1/2-1/2"]
[WhiteElo "2163"]
[BlackElo "2036"]
[PlyCount "150"]
[EventDate "2008.10.05"]
[EventType "team-tourn"]
[EventRounds "9"]
[EventCountry "GER"]
[SourceTitle "EXT 2020"]
[Source "ChessBase"]
[SourceDate "2019.10.17"]
[SourceVersion "1"]
[SourceVersionDate "2019.10.17"]
[SourceQuality "1"]
[WhiteTeam "Ebersberg"]
[BlackTeam "Landshut"]
[WhiteTeamCountry "GER"]
[BlackTeamCountry "GER"]

1. e4 e6 2. d4 d5 3. e5 c5 4. c3 Nc6 5. Nf3 Qb6 6. Be2 cxd4 7. cxd4 Nh6 8. Nc3 Nf5 9. Na4 Bb4+ 10. Bd2 Qa5 11. Nc3 Nfxd4 12. Nxd4 Nxd4 13. Bd3 Nc6 14. a3 Bxc3 15. Bxc3 Qb6 16. Qe2 Bd7 17. 0-0 0-0 18. Rfe1 Ne7 19. Bb4 Rfe8 20. Rac1 Ng6 21. Bc5 Qd8 22. Qe3 Qh4 23. g3 Qg4 24. f3 Qh5 25. Kg2 Bc6 26. Bd4 a5 27. h4 f5 28. Qg5 Qxg5 29. hxg5 a4 30. Rh1 Rec8 31. Rh2 Be8 32. Rch1 Nf8 33. Bc3 Bg6 34. f4 Nd7 35. Kf3 Nc5 36. Bb5 Kf7 37. Bb4 Nb3 38. Ke3 Na5 39. Rd1 Nc4+ 40. Kd4 Na5 41. Bxa4 Rc4+ 42. Kd3 Nc6 43. Bxc6 Rxc6 44. Rdd2 Rac8 45. Rc2 Rxc2 46. Rxc2 Rxc2 47. Kxc2 Ke8 48. Kc3 Bh5 49. Kd4 b6 50. Bd6 Kd7 51. g6 hxg6 52. Bf8 Kc6 53. Bxg7 Bd1 54. Bf6 Bb3 55. Be7 Kb5 56. Bb4 Bd1 57. Bd2 Bb3 58. Be3 Bd1 59. Kc3 Kc6 60. Kb4 Be2 61. a4 Bd1 62. Bd4 Bc2 63. Ka3 Bd1 64. b4 Bc2 65. b5+ Kc7 66. Kb4 Bd3 67. a5 bxa5+ 68. Kxa5 Be2 69. Kb4 Bd3 70. Kc5 Kd7 71. Kb6 Be2 72. Kc5 Bd3 73. b6 Ba6 74. Be3 Bb7 75. Kb5 Ke8 1/2-1/2

[Event "Regionalliga SO 0809"]
[Site "Bayern"]
[Date "2008.12.14"]
[Round "4.1"]
[White "Nurbekoglu, Michael"]
[Black "Lammers, Markus"]
[Result "0-1"]
[WhiteElo "2038"]
[BlackElo "2244"]
[PlyCount "44"]
[EventDate "2008.10.05"]
[EventType "team-tourn"]
[EventRounds "9"]
[EventCountry "GER"]
[SourceTitle "EXT 2020"]
[Source "ChessBase"]
[SourceDate "2019.10.17"]
[SourceVersion "1"]
[SourceVersionDate "2019.10.17"]
[SourceQuality "1"]
[WhiteTeam "Landshut"]
[BlackTeam "Ilmmuenster"]
[WhiteTeamCountry "GER"]
[BlackTeamCountry "GER"]

1. Nf3 c5 2. c4 Nf6 3. Nc3 Nc6 4. d4 cxd4 5. Nxd4 e6 6. Ndb5 Bb4 7. a3 Bxc3+ 8. Nxc3 d5 9. e3 0-0 10. Be2 d4 11. exd4 Nxd4 12. Bg5 h6 13. Bh4 e5 14. 0-0 Bf5 15. Rc1 Re8 16. Bxf6 Qxf6 17. Nd5 Qd6 18. Ne3 Be4 19. f3 Bg6 20. c5 Qd8 21. Nc4 Nxe2+ 22. Qxe2 Bd3 0-1

[Event "Niederbayernliga 0708 playoff"]
[Site "Germany"]
[Date "2007.04.27"]
[Round "?"]
[White "Nurbekoglu, Michael"]
[Black "Scheipl, Ralf"]
[Result "1-0"]
[WhiteElo "2056"]
[BlackElo "2202"]
[PlyCount "69"]
[EventDate "2007.04.27"]
[EventType "team"]
[EventRounds "1"]
[EventCountry "GER"]
[SourceTitle "EXT 2009"]
[Source "ChessBase"]
[SourceDate "2008.11.26"]
[SourceVersion "1"]
[SourceVersionDate "2008.11.26"]
[SourceQuality "1"]
[WhiteTeam "Landshut"]
[BlackTeam "Straubing"]
[WhiteTeamCountry "GER"]
[BlackTeamCountry "GER"]

1. d4 Nf6 2. g3 c5 3. d5 e6 4. c4 exd5 5. cxd5 b5 6. Bg2 d6 7. e4 Nbd7 8. f4 Nb6 9. Qe2 Qe7 10. Nc3 b4 11. e5 bxc3 12. exf6 Qxe2+ 13. Nxe2 cxb2 14. Bxb2 gxf6 15. Bxf6 Rg8 16. 0-0 Bg7 17. Bxg7 Rxg7 18. Nc3 Bf5 19. Rfe1+ Kd7 20. a4 f6 21. Bf1 a6 22. a5 Nc8 23. Na4 Kc7 24. Re8 Bd7 25. Rf8 Rb8 26. Bxa6 Bxa4 27. Rxa4 Rb1+ 28. Kg2 Rb2+ 29. Kh3 Ne7 30. Bc4 Rg6 31. Rf7 Rh6+ 32. Kg4 Kd8 33. a6 Rhxh2 34. Rxe7 h5+ 35. Kf5 1-0

[Event "Niederbayernliga 0708"]
[Site "Germany"]
[Date "2007.04.06"]
[Round "8.2"]
[White "Lipok, Erik"]
[Black "Nurbekoglu, Michael"]
[Result "1/2-1/2"]
[WhiteElo "2020"]
[BlackElo "2056"]
[PlyCount "33"]
[EventDate "2007.10.21"]
[EventType "team"]
[EventRounds "9"]
[EventCountry "GER"]
[SourceTitle "EXT 2009"]
[Source "ChessBase"]
[SourceDate "2008.11.26"]
[SourceVersion "1"]
[SourceVersionDate "2008.11.26"]
[SourceQuality "1"]
[WhiteTeam "Waldkirchen Freyung"]
[BlackTeam "Landshut"]
[WhiteTeamCountry "GER"]
[BlackTeamCountry "GER"]

1. c4 Nf6 2. Nc3 c5 3. g3 d5 4. cxd5 Nxd5 5. Bg2 Nc7 6. Qa4+ Qd7 7. d3 e5 8. Be3 Qxa4 9. Nxa4 Nba6 10. Rc1 Ne6 11. Bd5 Nd4 12. f4 Nb4 13. Bxd4 exd4 14. Bb3 b6 15. Nf3 Bb7 16. Kf2 Be7 17. Rhe1 1/2-1/2

[Event "Regionalliga SO 0607"]
[Site "Bayern"]
[Date "2007.02.04"]
[Round "5.4"]
[White "Gil, Arthur"]
[Black "Nurbekoglu, Michael"]
[Result "1-0"]
[WhiteElo "1974"]
[BlackElo "2045"]
[PlyCount "63"]
[EventDate "2006.10.15"]
[EventType "team-tourn"]
[EventRounds "9"]
[EventCountry "GER"]
[SourceTitle "EXT 2008"]
[Source "ChessBase"]
[SourceDate "2007.11.25"]
[SourceVersion "1"]
[SourceVersionDate "2007.11.25"]
[SourceQuality "1"]
[WhiteTeam "Ebersberg"]
[BlackTeam "Landshut"]
[WhiteTeamCountry "GER"]
[BlackTeamCountry "GER"]

1. e4 e6 2. d4 d5 3. Nc3 Bb4 4. e5 Ne7 5. a3 Bxc3+ 6. bxc3 c5 7. Qg4 0-0 8. Bd3 f5 9. exf6 Rxf6 10. Qh4 Nf5 11. Bxf5 exf5 12. Ne2 Qe8 13. Be3 c4 14. 0-0 Nc6 15. Rfe1 Ne7 16. Nf4 Qf7 17. Bd2 Nc6 18. Rab1 a6 19. Rb6 h6 20. Qg3 Kh7 21. h4 Ra7 22. h5 Ne7 23. Ng6 Nc6 24. Reb1 Re6 25. Bf4 Re4 26. Qf3 Be6 27. Rxc6 bxc6 28. Rb8 Bc8 29. Rxc8 Re8 30. Rxc6 Re1+ 31. Kh2 Ra8 32. Be5 1-0